Comunicación entre computadoras y tecnologías de redes
Saved in:
| Main Authors: | , |
|---|---|
| Format: | Bog |
| Sprog: | spansk |
| Udgivet: |
Ciudad de México
Thomson
2002
|
| Fag: | |
| Tags: |
Tilføj Tag
Ingen Tags, Vær først til at tagge denne postø!
|
MARC
| LEADER | 00000nam a2200000 a 4500 | ||
|---|---|---|---|
| 001 | UCL8707 | ||
| 003 | CL-VaPUC | ||
| 008 | 040702e20020000MX |||||||||||||||||spa|d | ||
| 020 | |a 970686203X | ||
| 082 | 0 | 4 | |a 004.66 |b GAL |2 21 |
| 100 | 0 | |a Gallo, Michael A |e author |9 486657 | |
| 700 | 0 | |a Hancock, William M |e author |9 486658 | |
| 245 | 1 | 0 | |a Comunicación entre computadoras y tecnologías de redes |
| 300 | |a 632 p | ||
| 942 | |c BK | ||
| 945 | |d 20040702 00:00:00 |a cmena | ||
| 260 | |a Ciudad de México |b Thomson |c 2002 | ||
| 650 | 0 | |a Redes de computadores |9 263293 | |
| 650 | 7 | |a DISEÑO DE REDES |2 CL-VaPUC |9 355401 | |
| 650 | 0 | |a Medios de comunicación |9 257206 | |
| 650 | 0 | |a Comunicación digital |9 260754 | |
| 650 | 0 | |a Protocolos de redes |9 464559 | |
| 583 | |a last modification |c 20040702 00:00:00 |k Rodrigo Vera | ||
| 999 | |c 309878 |d 309876 | ||
| 952 | |0 0 |1 0 |4 0 |6 004_660000000000000_GAL_2002 |7 0 |8 A |9 377704 |a BIBING |b BIBING |d 2019-11-21 |i 4034317 |o 004.66 GAL 2002 |p 4034317 |r 2024-01-25 |w 2019-11-21 |y BK |k EIE | ||
| 952 | |0 0 |1 0 |4 0 |6 004_660000000000000_GAL_2002 |7 0 |8 A |9 377705 |a BIBING |b BIBING |d 2019-11-21 |i 4034325 |o 004.66 GAL 2002 |p 4034325 |r 2024-01-25 |w 2019-11-21 |y BK |k EIE | ||